000 00446nam a2200145Ia 4500
008 220217s9999 xx 000 0 und d
100 _aAlice John
245 0 _aParental selection by genetic analysis and prediction of performance in Sesame (Sesamum indicum L.)
260 _bTamil Nadu Agricultural University
_a Madurai
_c1998
300 _a217
500 _aCourse: Ph. D
500 _aNot rubber
700 _aDr N Subbaraman
942 _cTS
999 _c74604
_d74604